000 00447ntaaa2200181 4500
003 01
005 20251027203029.0
008 0714s1973 ag 01
040 _aAR-BaBN
_bspa
_cAR-BaBN
_eaacr
_dRIC
082 _a132.0000 C263
100 _aCarballo, J. Rof
_931364
245 _aPatología psicosomática
250 _a1 ed.
260 _aMadrid :
_bPaz Montalvo,
_c1949
300 _as/p
650 _aPsicologia patologica
_97519
942 _cBK
999 _c25674
_d25674